000 00414nam a2200121Ia 4500
008 220217s9999 xx 000 0 und d
100 _aFarha, A.K.
245 0 _aStudies on non-target effects of agrochemicals on bacterial isolates from rubber plantation
260 _bMahatma Gandhi University
_a Kottayam
_c2008
500 _aCourse: M.Sc.
700 _aDr Kochuthresiamma Joseph and Dr Shaji Philip
942 _cTS
999 _c74351
_d74351